[Event "HUN-chT BAZ megyei CSB 2223"]
[Site "Hungary"]
[Date "2023.03.19"]
[Round "8.6"]
[White "Toth, Tamas"]
[Black "Bibliak, Gabor"]
[Result "1/2-1/2"]
[WhiteElo "1824"]
[BlackElo "1604"]
[PlyCount "60"]
[EventDate "2022.09.25"]
[EventType "team-tourn"]
[EventRounds "9"]
[EventCountry "HUN"]
[SourceTitle "EXT 2025"]
[Source "ChessBase"]
[SourceDate "2024.10.14"]
[SourceVersion "1"]
[SourceVersionDate "2024.10.14"]
[SourceQuality "1"]
[WhiteTeam "Szerencs Varos"]
[BlackTeam "Edelenyi VSE II"]
[WhiteTeamCountry "HUN"]
[BlackTeamCountry "HUN"]

1. b4 e5 2. Bb2 d6 3. e3 Be6 4. b5 Nf6 5. Nf3 h6 6. c4 Nbd7 7. Nc3 Be7 8. e4 c6 9. Be2 Qc7 10. 0-0 d5 11. cxd5 cxd5 12. Rc1 Qa5 13. exd5 Nxd5 14. Nxd5 Bxd5 15. Nxe5 Qxa2 16. Bc3 Nxe5 17. Bxe5 0-0 18. Ra1 Qb3 19. Qxb3 Bxb3 20. Bf3 Bc4 21. Rfc1 Bxb5 22. Bxb7 Rad8 23. Bf4 Bb4 24. Rxa7 Bxd2 25. Bxd2 Rxd2 26. Ra8 Rxa8 27. Bxa8 g5 28. g3 Bd7 29. Kg2 Kg7 30. Be4 Be6 1/2-1/2

[Event "HUN-chT2 Barcza 2223"]
[Site "Hungary"]
[Date "2023.03.12"]
[Round "5.3"]
[White "Kelemen, Imre"]
[Black "Toth, Tamas"]
[Result "1/2-1/2"]
[WhiteElo "2062"]
[BlackElo "2142"]
[PlyCount "21"]
[EventDate "2022.11.20"]
[EventType "team-tourn"]
[EventRounds "7"]
[EventCountry "HUN"]
[SourceTitle "EXT 2025"]
[Source "ChessBase"]
[SourceDate "2024.10.14"]
[SourceVersion "1"]
[SourceVersionDate "2024.10.14"]
[SourceQuality "1"]
[WhiteTeam "Karsol DSBK"]
[BlackTeam "Hajduboszormeny"]
[WhiteTeamCountry "HUN"]
[BlackTeamCountry "HUN"]

1. Nf3 d5 2. g3 Nf6 3. Bg2 Bf5 4. c4 c6 5. 0-0 e6 6. d3 h6 7. Qb3 Qc8 8. Bf4 Nbd7 9. Na3 g5 10. Bd2 Be7 11. Rac1 1/2-1/2

[Event "HUN-chT BAZ megyei CSB 2223"]
[Site "Hungary"]
[Date "2023.01.22"]
[Round "6.5"]
[White "Nadasi, Endre"]
[Black "Toth, Tamas"]
[Result "1/2-1/2"]
[WhiteElo "1955"]
[BlackElo "1819"]
[PlyCount "91"]
[EventDate "2022.09.25"]
[EventType "team-tourn"]
[EventRounds "9"]
[EventCountry "HUN"]
[SourceTitle "EXT 2025"]
[Source "ChessBase"]
[SourceDate "2024.10.14"]
[SourceVersion "1"]
[SourceVersionDate "2024.10.14"]
[SourceQuality "1"]
[WhiteTeam "DVTK II"]
[BlackTeam "Szerencs Varos"]
[WhiteTeamCountry "HUN"]
[BlackTeamCountry "HUN"]

1. c4 Nf6 2. Nc3 e6 3. Nf3 d5 4. d4 c6 5. e3 Nbd7 6. b3 Be7 7. Bd3 0-0 8. 0-0 Re8 9. Bb2 Bd6 10. Re1 e5 11. dxe5 Nxe5 12. cxd5 Nxd3 13. Qxd3 cxd5 14. Red1 Be6 15. Ng5 h6 16. Nxe6 fxe6 17. Nb5 Bc5 18. Rac1 Bb6 19. Rc2 a6 20. Nd4 Rc8 21. Rdc1 Rxc2 22. Rxc2 Kf7 23. Nf3 Bc7 24. Ne5+ Kg8 25. Qc3 Bd6 26. Qd3 Re7 27. Ng6 Rc7 28. g3 Rxc2 29. Qxc2 Qc7 30. Qd3 Ne4 31. Nf4 Qa5 32. Qc2 Bxf4 33. exf4 Qe1+ 34. Kg2 Nd2 35. Qc1 Qxc1 36. Bxc1 Ne4 37. Kf3 Kf7 38. Ke3 Ke7 39. Ba3+ Kf7 40. Bb2 Nf6 41. f3 Nd7 42. Kd4 h5 43. f5 g6 44. fxg6+ Kxg6 45. Bc1 Kf5 46. Bd2 1/2-1/2

[Event "HUN-chT2 Barcza 2122"]
[Site "Hungary"]
[Date "2022.02.13"]
[Round "6.2"]
[White "Toth, Tamas"]
[Black "Gocza, Adam"]
[Result "1-0"]
[WhiteElo "2162"]
[BlackElo "2000"]
[PlyCount "103"]
[EventDate "2021.10.10"]
[EventType "team-tourn"]
[EventRounds "9"]
[EventCountry "HUN"]
[SourceTitle "EXT 2025"]
[Source "ChessBase"]
[SourceDate "2024.10.14"]
[SourceVersion "1"]
[SourceVersionDate "2024.10.14"]
[SourceQuality "1"]
[WhiteTeam "Hajduboszormeny"]
[BlackTeam "Nyiregyvaza ESE"]
[WhiteTeamCountry "HUN"]
[BlackTeamCountry "HUN"]

1. e4 e5 2. Nf3 Nc6 3. Bb5 a6 4. Ba4 Nf6 5. 0-0 Be7 6. Re1 b5 7. Bb3 d6 8. a4 Bb7 9. axb5 axb5 10. Rxa8 Qxa8 11. Nc3 b4 12. Nd5 Nxd5 13. exd5 Na5 14. Ba4+ Kf8 15. d4 e4 16. Rxe4 Bxd5 17. Re1 Nc6 18. b3 Nd8 19. Bd2 Qb7 20. Ng5 c6 21. Qh5 h6 22. Nh3 Ne6 23. Nf4 Nxf4 24. Bxf4 g5 25. Bd2 Bf6 26. h4 Qb6 27. Be3 Qd8 28. Rc1 Qc8 29. c4 Be4 30. Re1 Kg7 31. Bd2 Qf5 32. Qe2 Bd3 33. Qf3 Qxf3 34. gxf3 Rc8 35. hxg5 hxg5 36. Bxb4 c5 37. dxc5 dxc5 38. Bd2 Rb8 39. Be3 Be7 40. Rd1 Rd8 41. Bc6 f5 42. Ra1 Rb8 43. Ra7 Kf8 44. Bb5 f4 45. Bd2 Bc2 46. Ba5 Kf7 47. Bc7 Rg8 48. Bd6 g4 49. Rxe7+ Kf6 50. Re8 Rg6 51. Bxf4 gxf3+ 52. Bg3 1-0

[Event "HUN-chT2 Barcza 2122"]
[Site "Hungary"]
[Date "2021.12.05"]
[Round "3.2"]
[White "Toth, Tamas"]
[Black "Pribelszky, Bence Daniel"]
[Result "0-1"]
[WhiteElo "2161"]
[BlackElo "2378"]
[PlyCount "96"]
[EventDate "2021.10.10"]
[EventType "team-tourn"]
[EventRounds "9"]
[EventCountry "HUN"]
[SourceTitle "EXT 2025"]
[Source "ChessBase"]
[SourceDate "2024.10.14"]
[SourceVersion "1"]
[SourceVersionDate "2024.10.14"]
[SourceQuality "1"]
[WhiteTeam "Hajduboszormeny"]
[BlackTeam "Miskolc KisBocsok"]
[WhiteTeamCountry "HUN"]
[BlackTeamCountry "HUN"]

1. e4 c5 2. Nf3 e6 3. Nc3 Nc6 4. Bb5 d6 5. 0-0 Bd7 6. d4 cxd4 7. Nxd4 Nf6 8. Bxc6 bxc6 9. Re1 Be7 10. e5 dxe5 11. Nf3 Nd5 12. Nxe5 0-0 13. Qg4 Rb8 14. Bh6 Bf6 15. Nxd7 Qxd7 16. Rad1 Kh8 17. Bc1 Qc7 18. Rd3 Nxc3 19. bxc3 Rb1 20. Red1 Qe5 21. Qc4 Qb5 22. Qe4 h6 23. Qf3 Qa4 24. Bxh6 Qxc2 25. Bf4 Rd8 26. Rxd8+ Bxd8 27. Rf1 Rxf1+ 28. Kxf1 Qb1+ 29. Ke2 Qxa2+ 30. Bd2 Qc4+ 31. Ke1 Bf6 32. g4 Qd5 33. Qh3+ Kg8 34. f4 a5 35. Qg3 a4 36. Qe3 Qh1+ 37. Ke2 Qg2+ 38. Kd3 Qxg4 39. Qe4 Qf5 40. Qxf5 exf5 41. Be3 Be7 42. c4 Bb4 43. c5 f6 44. Bf2 Kf7 45. Kc4 Ba5 46. Be3 Kg6 47. Bf2 Kh5 48. h3 Bd2 0-1

[Event "HUN-chT2 Barcza 1516"]
[Site "Hungary"]
[Date "2016.03.20"]
[Round "9.7"]
[White "Ecsedi, Sandor"]
[Black "Toth, Tamas"]
[Result "0-1"]
[WhiteElo "2043"]
[BlackElo "2037"]
[PlyCount "48"]
[EventDate "2015.09.13"]
[EventType "team-tourn"]
[EventRounds "11"]
[EventCountry "HUN"]
[SourceTitle "EXT 2017"]
[Source "ChessBase"]
[SourceDate "2016.10.25"]
[SourceVersion "1"]
[SourceVersionDate "2016.10.25"]
[SourceQuality "1"]
[WhiteTeam "Hajduszoboszlo"]
[BlackTeam "Hajduboszormeny"]
[WhiteTeamCountry "HUN"]
[BlackTeamCountry "HUN"]

1. e4 e5 2. Bc4 Nf6 3. d4 Nc6 4. Nf3 exd4 5. e5 Ng4 6. 0-0 d6 7. exd6 Bxd6 8. Re1+ Kf8 9. h3 Nge5 10. Nxe5 Nxe5 11. Bb3 Qf6 12. Qh5 Bf5 13. Nd2 Bg6 14. Qe2 Re8 15. Qb5 b6 16. c3 Qf4 17. Qa4 Nf3+ 18. Nxf3 Rxe1+ 19. Nxe1 Qh2+ 20. Kf1 d3 21. Nxd3 Bxd3+ 22. Ke1 Qxg2 23. Qg4 Qf1+ 24. Kd2 Bf4+ 0-1

[Event "HUN-chT2 Barcza 1516"]
[Site "Hungary"]
[Date "2016.02.14"]
[Round "7.6"]
[White "Toth, Tamas"]
[Black "Hegedus, Rafael"]
[Result "1-0"]
[WhiteElo "1987"]
[BlackElo "2014"]
[PlyCount "63"]
[EventDate "2015.09.13"]
[EventType "team-tourn"]
[EventRounds "11"]
[EventCountry "HUN"]
[SourceTitle "EXT 2017"]
[Source "ChessBase"]
[SourceDate "2016.10.25"]
[SourceVersion "1"]
[SourceVersionDate "2016.10.25"]
[SourceQuality "1"]
[WhiteTeam "Hajduboszormeny"]
[BlackTeam "Mezokovesd"]
[WhiteTeamCountry "HUN"]
[BlackTeamCountry "HUN"]

1. e4 e5 2. Nf3 Nc6 3. Bb5 Bc5 4. 0-0 Nf6 5. Nxe5 Nxe5 6. d4 Bxd4 7. Qxd4 Nc6 8. Bxc6 dxc6 9. Qxd8+ Kxd8 10. Nc3 h6 11. Rd1+ Ke7 12. b3 Rd8 13. Ba3+ Ke8 14. Rxd8+ Kxd8 15. Rd1+ Ke8 16. f4 Bd7 17. h3 Rd8 18. g4 Ng8 19. Kf2 h5 20. Kg3 hxg4 21. hxg4 Bc8 22. Rxd8+ Kxd8 23. f5 Ke8 24. g5 a6 25. Ne2 f6 26. g6 Ne7 27. Bxe7 Kxe7 28. Kf4 Bd7 29. e5 fxe5+ 30. Kxe5 c5 31. Nf4 Be8 32. Ne6 1-0

[Event "HUN-chT2 Barcza 1516"]
[Site "Hungary"]
[Date "2015.09.13"]
[Round "1.5"]
[White "Toth, Tamas"]
[Black "Pribelszky, Bence Daniel"]
[Result "0-1"]
[WhiteElo "1979"]
[BlackElo "2123"]
[PlyCount "94"]
[EventDate "2015.09.13"]
[EventType "team-tourn"]
[EventRounds "11"]
[EventCountry "HUN"]
[SourceTitle "CBM 170 Extra"]
[Source "ChessBase"]
[SourceDate "2016.02.25"]
[SourceVersion "1"]
[SourceVersionDate "2016.02.25"]
[SourceQuality "1"]
[WhiteTeam "Hajduboszormeny"]
[BlackTeam "Miskolc KisBocsok"]
[WhiteTeamCountry "HUN"]
[BlackTeamCountry "HUN"]

1. e4 c5 2. Nf3 e6 3. d4 cxd4 4. Nxd4 Nf6 5. Nc3 Nc6 6. Be3 Bb4 7. Nxc6 bxc6 8. Bd3 Qa5 9. Bd2 Qc7 10. a3 Be7 11. 0-0 d5 12. exd5 cxd5 13. Nb5 Qb8 14. Ba5 0-0 15. Bc7 Qb7 16. Bf4 Bd7 17. Nc7 Rac8 18. Ba6 Qc6 19. Bxc8 Rxc8 20. a4 Rxc7 21. Bxc7 Qxc7 22. f3 Bd6 23. g3 e5 24. Kg2 d4 25. Qd3 Nd5 26. Rfe1 Ne3+ 27. Rxe3 dxe3 28. Rd1 e2 29. Qxe2 Bxa4 30. b3 Bc6 31. Qd3 Be7 32. Qc4 Qb7 33. Qd3 g5 34. Re1 g4 35. Rxe5 Bxf3+ 36. Kf2 Qb4 37. Rb5 Qa3 38. Qd4 Qc1 39. Rb8+ Bf8 40. Rc8 Qh6 41. Kg1 Qe6 42. Qc3 Qe2 43. Rxf8+ Kxf8 44. Qc5+ Qe7 45. Qc8+ Kg7 46. Qc3+ f6 47. Qd2 Qe2 0-1

[Event "HUN-chT2 Maroczy 1415"]
[Site "Hungary"]
[Date "2015.01.25"]
[Round "5"]
[White "Igaz, Peter"]
[Black "Toth, Tamas"]
[Result "1/2-1/2"]
[WhiteElo "2067"]
[BlackElo "1998"]
[PlyCount "92"]
[EventDate "2014.10.12"]
[EventType "team-tourn"]
[EventRounds "9"]
[EventCountry "HUN"]
[SourceTitle "EXT 2016"]
[Source "ChessBase"]
[SourceDate "2015.10.08"]
[SourceVersion "1"]
[SourceVersionDate "2015.10.08"]
[SourceQuality "1"]
[WhiteTeam "Dunaharaszti II"]
[BlackTeam "Hajduboszormeny"]
[WhiteTeamCountry "HUN"]
[BlackTeamCountry "HUN"]

1. d4 d5 2. Nf3 Nf6 3. e3 c5 4. c3 e6 5. Bd3 Nc6 6. Nbd2 Bd6 7. Qe2 0-0 8. dxc5 Bxc5 9. e4 Qc7 10. 0-0 b6 11. e5 Ng4 12. Bxh7+ Kxh7 13. Ng5+ Kg8 14. Qxg4 Qxe5 15. Ndf3 Qf6 16. Qh3 Qh6 17. Nh4 e5 18. Qg3 Qh5 19. Nh3 Qg4 20. Nf3 Qxg3 21. hxg3 a5 22. Rd1 Rd8 23. Be3 Bg4 24. Bxc5 bxc5 25. Re1 f6 26. Nh2 Be6 27. Nf4 Bf5 28. g4 Bc8 29. Nd3 c4 30. Nc5 a4 31. b3 axb3 32. axb3 Rxa1 33. Rxa1 cxb3 34. Nxb3 d4 35. cxd4 Nxd4 36. Nxd4 exd4 37. Rd1 Be6 38. Nf3 d3 39. Ne1 Bc4 40. Rd2 Re8 41. Kf1 Rd8 42. f4 Rd4 43. g3 g5 44. Nf3 Re4 45. fxg5 fxg5 46. Kf2 Rxg4 1/2-1/2

[Event "Hajduszoboszlo op 19th"]
[Site "Hajduszoboszlo"]
[Date "2014.06.27"]
[Round "4"]
[White "Toth, Tamas"]
[Black "Somogyi, Gabor"]
[Result "1-0"]
[WhiteElo "1918"]
[BlackElo "1975"]
[PlyCount "89"]
[EventDate "2014.06.25"]
[EventType "swiss"]
[EventRounds "7"]
[EventCountry "HUN"]
[SourceTitle "CBM 161 Extra"]
[Source "ChessBase"]
[SourceDate "2014.08.29"]
[SourceVersion "1"]
[SourceVersionDate "2014.08.29"]
[SourceQuality "1"]

1. e4 c5 2. Nf3 e6 3. c4 Nc6 4. d4 cxd4 5. Nxd4 Nf6 6. Nc3 Bb4 7. Qd3 d5 8. cxd5 exd5 9. exd5 Nxd4 10. Qxd4 Bxc3+ 11. bxc3 Qxd5 12. Ba3 Bd7 13. Qxd5 Nxd5 14. c4 Nb6 15. Be2 Be6 16. Rc1 Rc8 17. c5 Nd7 18. 0-0 Nb8 19. Bf3 Nc6 20. Rb1 0-0 21. Rxb7 Bxa2 22. Bxc6 Rxc6 23. Rxa7 Rb8 24. Re1 Be6 25. h3 h6 26. Rd1 Rbc8 27. Rd6 Kh7 28. Ra6 Rxa6 29. Rxa6 Rc7 30. Rd6 Bf5 31. g4 Bc2 32. Kg2 Be4+ 33. Kg3 Rc6 34. Rxc6 Bxc6 35. Kf4 f6 36. h4 Kg6 37. Bb2 Kf7 38. Ke3 Ke6 39. f4 g6 40. Ba3 h5 41. f5+ gxf5 42. gxh5 Be8 43. h6 Bg6 44. h5 Bh7 45. c6 1-0

[Event "EU Union-ch U12"]
[Site "Malenovice"]
[Date "2013.09.03"]
[Round "7"]
[White "Toth, Tamas"]
[Black "Kopcova, Ludmila"]
[Result "1/2-1/2"]
[WhiteElo "1882"]
[BlackElo "1599"]
[PlyCount "115"]
[EventDate "2013.08.28"]
[EventType "swiss"]
[EventRounds "9"]
[EventCountry "CZE"]
[SourceTitle "CBM 156 Extra"]
[Source "ChessBase"]
[SourceDate "2013.10.22"]
[SourceVersion "1"]
[SourceVersionDate "2013.10.22"]
[SourceQuality "1"]

1. e4 e5 2. Nf3 Nf6 3. Qe2 Nc6 4. g3 Bc5 5. Bg2 0-0 6. 0-0 Re8 7. d3 h6 8. c3 d6 9. Nbd2 Bd7 10. h3 a6 11. Nc4 b5 12. Ne3 Bb6 13. g4 Bxe3 14. Bxe3 g5 15. Rfd1 Ne7 16. Qc2 Bc6 17. Nd2 Bb7 18. Nf1 Ng6 19. Ng3 Nh4 20. Nf5 Nxf5 21. gxf5 Nh5 22. Qe2 Nf6 23. h4 Nh7 24. Qh5 Qf6 25. hxg5 hxg5 26. Kh2 Kg7 27. Rg1 Qh6 28. Bf3 f6 29. Qxh6+ Kxh6 30. Kg3 Rh8 31. Rh1+ Kg7 32. Rh2 Rag8 33. Rah1 Bc6 34. Bd1 Nf8 35. Rxh8 Rxh8 36. Rxh8 Kxh8 37. Ba7 d5 38. f3 dxe4 39. fxe4 Nd7 40. Bb3 Kg7 41. Kg4 Bb7 42. Be6 Nf8 43. Bb3 Nd7 44. a4 c6 45. axb5 axb5 46. c4 Ba6 47. cxb5 Bxb5 48. Be6 Nf8 49. Bc4 Nd7 50. Bxb5 cxb5 51. d4 exd4 52. Bxd4 Kf7 53. b4 Ke7 54. e5 fxe5 55. Be3 Nf6+ 56. Kxg5 Nd5 57. Bc5+ Kf7 58. Kg4 1/2-1/2

[Event "EU Union-ch U12"]
[Site "Malenovice"]
[Date "2013.09.02"]
[Round "6"]
[White "Antova, Gabriela"]
[Black "Toth, Tamas"]
[Result "1-0"]
[WhiteElo "1712"]
[BlackElo "1882"]
[PlyCount "77"]
[EventDate "2013.08.28"]
[EventType "swiss"]
[EventRounds "9"]
[EventCountry "CZE"]
[SourceTitle "CBM 156 Extra"]
[Source "ChessBase"]
[SourceDate "2013.10.22"]
[SourceVersion "1"]
[SourceVersionDate "2013.10.22"]
[SourceQuality "1"]

1. d4 d5 2. Nf3 Nf6 3. c4 c6 4. e3 e6 5. Nc3 Nbd7 6. Bd3 Bb4 7. 0-0 0-0 8. a3 Bd6 9. e4 dxc4 10. Bxc4 e5 11. Bg5 Qe7 12. Qe2 h6 13. Bh4 Re8 14. d5 Nb6 15. dxc6 bxc6 16. Ba2 Be6 17. Rac1 Rac8 18. Rfd1 Red8 19. Rc2 Bxa2 20. Nxa2 Qe6 21. Nc3 Bb8 22. Rcd2 Rxd2 23. Rxd2 Bc7 24. Bxf6 Qxf6 25. Qa6 Bb8 26. Na4 Re8 27. Nxb6 axb6 28. Qxb6 Kh7 29. h3 Qg6 30. Qb4 c5 31. Qb5 Rc8 32. Qb7 Rf8 33. Rd7 Qe6 34. Qd5 Qb6 35. Rb7 Qf6 36. Qxc5 Rd8 37. Qc2 Qe6 38. Qb3 Qc6 39. Qxf7 1-0

[Event "EU Union-ch U12"]
[Site "Malenovice"]
[Date "2013.09.01"]
[Round "5"]
[White "Steinbauer, Filip"]
[Black "Toth, Tamas"]
[Result "0-1"]
[WhiteElo "1464"]
[BlackElo "1882"]
[PlyCount "32"]
[EventDate "2013.08.28"]
[EventType "swiss"]
[EventRounds "9"]
[EventCountry "CZE"]
[SourceTitle "CBM 156 Extra"]
[Source "ChessBase"]
[SourceDate "2013.10.22"]
[SourceVersion "1"]
[SourceVersionDate "2013.10.22"]
[SourceQuality "1"]

1. e4 c5 2. Nf3 d6 3. d4 cxd4 4. Nxd4 Nf6 5. Nc3 g6 6. f4 Nc6 7. Nf3 Bg4 8. h3 Bxf3 9. Qxf3 Bg7 10. Bc4 0-0 11. f5 Ne5 12. Qe2 Nh5 13. Rg1 Qb6 14. Be3 Qxb2 15. Kd2 Nxc4+ 16. Qxc4 Rac8 0-1